[Event "Novokuznetsk-ch"]
[Site "Novokuznetsk"]
[Date "2015.05.07"]
[Round "7"]
[White "Chernov, Mikhail"]
[Black "Chistyakov, Nikita"]
[Result "1-0"]
[WhiteElo "2256"]
[BlackElo "2046"]
[PlyCount "99"]
[EventDate "2015.05.01"]
[EventType "swiss"]
[EventRounds "9"]
[EventCountry "RUS"]
[SourceTitle "CBM 166 Extra"]
[Source "ChessBase"]
[SourceDate "2015.06.18"]
[SourceVersion "1"]
[SourceVersionDate "2015.06.18"]
[SourceQuality "1"]

1. e4 g6 2. d4 Bg7 3. Nc3 d6 4. Be3 a6 5. h4 Nf6 6. f3 Nbd7 7. Qd2 b5 8. 0-0-0 Bb7 9. Bh6 Bxh6 10. Qxh6 c5 11. dxc5 b4 12. Nb1 dxc5 13. e5 Nd5 14. e6 fxe6 15. Qg7 Rf8 16. Qxh7 Rf6 17. Bd3 Nf8 18. Qh6 Qc7 19. Nd2 0-0-0 20. Nh3 Nf4 21. Nxf4 Qxf4 22. Qxf4 Rxf4 23. Ne4 Rf5 24. Rhe1 a5 25. Ng5 Rf6 26. Bc4 Rxd1+ 27. Kxd1 Kd7 28. b3 Bd5 29. Ne4 Bxe4 30. Rxe4 Kd6 31. f4 Nd7 32. Ke2 e5 33. Ke3 exf4+ 34. Rxf4 Ne5 35. Bg8 Nc6 36. g4 Nd4 37. Rxf6+ exf6 38. Bh7 Nxc2+ 39. Ke4 Ke7 40. Bxg6 Na3 41. Kd5 c4 42. bxc4 a4 43. h5 b3 44. axb3 axb3 45. h6 Kf8 46. c5 b2 47. c6 b1Q 48. Bxb1 Nxb1 49. c7 Nc3+ 50. Ke6 1-0

[Event "Novokuznetsk-ch"]
[Site "Novokuznetsk"]
[Date "2014.11.16"]
[Round "1"]
[White "Chistyakov, Nikita"]
[Black "Churakov, Danil"]
[Result "1-0"]
[WhiteElo "1998"]
[BlackElo "1571"]
[PlyCount "61"]
[EventDate "2014.11.16"]
[EventType "swiss"]
[EventRounds "9"]
[EventCountry "RUS"]
[SourceTitle "EXT 2016"]
[Source "ChessBase"]
[SourceDate "2015.10.08"]
[SourceVersion "1"]
[SourceVersionDate "2015.10.08"]
[SourceQuality "1"]

1. d4 Nf6 2. Nf3 d5 3. Bg5 Bf5 4. Nbd2 e6 5. e3 Bd6 6. c3 h6 7. Bh4 0-0 8. b4 a5 9. b5 Ba3 10. Qb3 Bd6 11. a4 Nbd7 12. Be2 c5 13. 0-0 b6 14. Bg3 Qc7 15. Rac1 c4 16. Qa2 Rfe8 17. Bd1 Ne4 18. Nxe4 Bxe4 19. Nd2 Bg6 20. Bxd6 Qxd6 21. Bf3 f5 22. Nxc4 dxc4 23. Bxa8 Rxa8 24. Qxc4 Bf7 25. Rb1 e5 26. Qc6 Qxc6 27. bxc6 Nf8 28. Rxb6 Rc8 29. Rfb1 exd4 30. cxd4 Bd5 31. Rc1 1-0

[Event "Novokuznetsk Kuzbass op"]
[Site "Novokuznetsk"]
[Date "2014.??.??"]
[Round "8"]
[White "Buts, Nikita"]
[Black "Chistyakov, Nikita"]
[Result "1-0"]
[WhiteElo "1944"]
[BlackElo "2033"]
[PlyCount "129"]
[EventDate "2014.08.11"]
[EventType "swiss"]
[EventRounds "9"]
[EventCountry "RUS"]
[SourceTitle "CBM 162 Extra"]
[Source "ChessBase"]
[SourceDate "2014.10.17"]
[SourceVersion "1"]
[SourceVersionDate "2014.10.17"]
[SourceQuality "1"]

1. d4 Nf6 2. c4 e6 3. g3 Bb4+ 4. Bd2 Bxd2+ 5. Qxd2 0-0 6. Bg2 d6 7. Nf3 Ne4 8. Qc2 f5 9. 0-0 Nd7 10. Nc3 Ndf6 11. Nd2 d5 12. Rad1 c6 13. f3 Nxd2 14. Rxd2 dxc4 15. e4 b5 16. exf5 exf5 17. f4 Nd5 18. Bxd5+ cxd5 19. Nxb5 Qd7 20. Nc3 Bb7 21. Re1 Rae8 22. Rde2 g6 23. Na4 Bc6 24. Nc5 Qc8 25. Re7 Rxe7 26. Rxe7 Rf7 27. Qe2 Rxe7 28. Qxe7 Qe8 29. Qe5 Qxe5 30. fxe5 g5 31. h4 h6 32. hxg5 hxg5 33. Ne6 g4 34. Kf2 Bd7 35. Nf4 Bc6 36. Ke2 a5 37. b3 cxb3 38. axb3 Kf7 39. Kd2 Ke7 40. Kc3 Kf7 41. Kd3 Ke7 42. Ke3 Kf7 43. Nd3 Kg6 44. Nc5 Ba8 45. Kf4 Bc6 46. Na6 Bb7 47. Nb8 Ba8 48. Nd7 Bc6 49. Nf6 a4 50. bxa4 Bxa4 51. Nxd5 Bd7 52. Ne7+ Kf7 53. Nxf5 Kg6 54. Ne3 Kh5 55. d5 Kg6 56. Nxg4 Kf7 57. e6+ Bxe6 58. dxe6+ Kxe6 59. Ne5 Kf6 60. g4 Kg7 61. Kf5 Kg8 62. g5 Kg7 63. g6 Kf8 64. Kf6 Kg8 65. g7 1-0

[Event "Novokuznetsk Kuzbass op"]
[Site "Novokuznetsk"]
[Date "2014.??.??"]
[Round "9"]
[White "Chistyakov, Nikita"]
[Black "Chemakin, Pavel"]
[Result "1-0"]
[WhiteElo "2033"]
[BlackElo "1854"]
[PlyCount "43"]
[EventDate "2014.08.11"]
[EventType "swiss"]
[EventRounds "9"]
[EventCountry "RUS"]
[SourceTitle "CBM 162 Extra"]
[Source "ChessBase"]
[SourceDate "2014.10.17"]
[SourceVersion "1"]
[SourceVersionDate "2014.10.17"]
[SourceQuality "1"]

1. d4 e6 2. Nf3 b6 3. g3 Bb7 4. Bg2 f5 5. 0-0 Nf6 6. Bg5 h6 7. Bxf6 Qxf6 8. Nbd2 Be7 9. c3 g5 10. e4 fxe4 11. Ne5 h5 12. Nxe4 Bxe4 13. Bxe4 d5 14. Bg6+ Kf8 15. f4 g4 16. f5 Kg7 17. fxe6 Qxe6 18. Rf7+ Kg8 19. Qd3 Qxf7 20. Bxf7+ Kf8 21. Rf1 Rh6 22. Ng6+ 1-0

[Event "Novokuznetsk Kuzbass op"]
[Site "Novokuznetsk"]
[Date "2014.??.??"]
[Round "7"]
[White "Chistyakov, Nikita"]
[Black "Chernov, Mikhail"]
[Result "0-1"]
[WhiteElo "2033"]
[BlackElo "2215"]
[PlyCount "40"]
[EventDate "2014.08.11"]
[EventType "swiss"]
[EventRounds "9"]
[EventCountry "RUS"]
[SourceTitle "CBM 162 Extra"]
[Source "ChessBase"]
[SourceDate "2014.10.17"]
[SourceVersion "1"]
[SourceVersionDate "2014.10.17"]
[SourceQuality "1"]

1. d4 d5 2. Nf3 Nc6 3. g3 Bg4 4. Bg2 Qd7 5. 0-0 0-0-0 6. Bf4 f6 7. Nbd2 g5 8. Be3 Bh3 9. Bxh3 Qxh3 10. Re1 e5 11. Nf1 e4 12. N3d2 Bh6 13. c4 f5 14. cxd5 Rxd5 15. Nb3 f4 16. Bc1 Nf6 17. f3 Rhd8 18. fxe4 Nxe4 19. Qc2 Re8 20. e3 f3 0-1

[Event "Novokuznetsk Kuzbass op"]
[Site "Novokuznetsk"]
[Date "2014.??.??"]
[Round "4"]
[White "Chistyakov, Nikita"]
[Black "Silin, Sergei"]
[Result "1/2-1/2"]
[WhiteElo "2033"]
[BlackElo "1977"]
[PlyCount "105"]
[EventDate "2014.08.11"]
[EventType "swiss"]
[EventRounds "9"]
[EventCountry "RUS"]
[SourceTitle "CBM 162 Extra"]
[Source "ChessBase"]
[SourceDate "2014.10.17"]
[SourceVersion "1"]
[SourceVersionDate "2014.10.17"]
[SourceQuality "1"]

1. d4 Nf6 2. Nf3 g6 3. Bg5 Bg7 4. Nbd2 0-0 5. e3 d6 6. Bc4 c6 7. 0-0 Qc7 8. Qe2 e5 9. dxe5 dxe5 10. e4 h6 11. Bh4 Nh5 12. Bg3 Nxg3 13. hxg3 Bg4 14. Rfd1 a5 15. a4 Na6 16. c3 Nc5 17. Nf1 Rfd8 18. Qc2 h5 19. Ne3 Bxf3 20. gxf3 Qe7 21. Rxd8+ Rxd8 22. Rd1 Bh6 23. b4 Bxe3 24. fxe3 axb4 25. cxb4 Ne6 26. Bxe6 Rxd1+ 27. Qxd1 Qxe6 28. Qd2 Qh3 29. Qf2 Kf8 30. f4 Qg4 31. Kh2 g5 32. a5 h4 33. fxg5 hxg3+ 34. Qxg3 Qxe4 35. Qe1 Ke7 36. Qc3 Qh4+ 37. Kg2 Qxg5+ 38. Kf3 Qf5+ 39. Ke2 Qe6 40. Qc5+ Qd6 41. Qb6 Qd7 42. Kf2 f5 43. Ke2 f4 44. exf4 exf4 45. Kf3 Ke6 46. Kxf4 Qd2+ 47. Kf3 Qd1+ 48. Kf2 Qc2+ 49. Kf3 Qd3+ 50. Kf4 Qf1+ 51. Ke4 Qe2+ 52. Kf4 Qd2+ 53. Ke4 1/2-1/2